| 000 | 00676nam a2200301Ia 4500 | ||
|---|---|---|---|
| 005 | 20260127112905.0 | ||
| 008 | 008 260114s9999 xx 000 0 eng d | ||
| 020 | _a791410137 | ||
| 037 | _aTextbook | ||
| 040 | _aPSDL | ||
| 040 | _beng | ||
| 040 | _cPSDL | ||
| 041 | _2eng | ||
| 041 | _aeng | ||
| 084 | _aY:37 N2 | ||
| 084 | _qPSDL | ||
| 100 |
_aEckersley, Robyn _91107898 |
||
| 245 | 0 | _aEnvironmentalism and Political Theory | |
| 245 | 0 | _cEckersley, Robyn | |
| 260 | _aNew York | ||
| 260 | _bState University | ||
| 260 | _c1958 | ||
| 300 | _a274p. | ||
| 942 | _cTB | ||
| 942 | _hY:37 N2 | ||
| 999 |
_c1672872 _d1672872 |
||